Cryptographic Algorithms - Statistics

General Stats
  • This quiz has been taken 10 times
  • The average score is 9 of 15
Answer Stats
Hint Answer % Correct
ECC Asymmetric
83%
Camellia Symmetric
83%
DES
Symmetric
83%
Diffie–Hellman
Asymmetric
67%
Paillier Asymmetric
67%
RSA Asymmetric
67%
AES Symmetric
67%
Twofish Symmetric
67%
DSS Asymmetric
50%
ElGamal Asymmetric
50%
ChaCha20 Symmetric
50%
IDEA Symmetric
50%
RC4 Symmetric
50%
Skipjack Symmetric
50%
Cramer–Shoup Asymmetric
33%
No matching quizzes found
Score Distribution
Percent of People with Each Score
Percentile by Number Answered
Your Score History
You have not taken this quiz